England vs. Spain - Statistics

General Stats
  • This quiz has been taken 1,302 times
    1,297 since last reset
  • The average score is 10 of 15
Answer Stats
Question Answer % Correct
Is the birthplace of the Industrial Revolution. England
89%
Is the location of the first ever football/soccer game. England
85%
Is larger in terms of area. Spain
85%
Has a desert. Spain
84%
Its most spoken language is the most spoken in the world. England
83%
Has a land border with France. Spain
81%
Has more UEFA European Football Championship titles. Spain
77%
They drive on the left side of the road. England
74%
Has a king. Both
72%
Has a higher GDP per capita. England
72%
Has a higher population. England
65%
Has free public health care. Both
58%
Has bears living in the wild. Spain
50%
Has more Muslims. England
44%
Has inhabited cities that were founded during or before the 5th Century BC. Spain
31%
No matching quizzes found
Score Distribution
Percent of People with Each Score
Percentile by Number Answered
Your Score History
You have not taken this quiz since the last reset